[Event "Quebec-ch qual1"]
[Site "Montreal"]
[Date "2005.05.01"]
[Round "4"]
[White "Delisle, Louis Martin"]
[Black "Hajiyev, Elshad"]
[Result "1-0"]
[WhiteElo "1893"]
[BlackElo "1940"]
[PlyCount "99"]
[EventDate "2005.04.29"]
[EventType "swiss"]
[EventRounds "5"]
[EventCountry "CAN"]
[SourceTitle "CBM 106 Extra"]
[Source "ChessBase"]
[SourceDate "2005.07.01"]
[SourceVersion "1"]
[SourceVersionDate "2005.07.01"]
[SourceQuality "1"]

1. f4 d5 2. Nf3 c5 3. e3 Nc6 4. Bb5 Bd7 5. b3 Nf6 6. Bb2 g6 7. Bxc6 Bxc6 8. Ne5 Bg7 9. g4 0-0 10. g5 Ne4 11. Nxc6 bxc6 12. Bxg7 Kxg7 13. 0-0 f6 14. d3 Nd6 15. gxf6+ Rxf6 16. Nd2 Nf5 17. Qe1 Re6 18. e4 dxe4 19. Nxe4 Qd4+ 20. Qf2 Qxf2+ 21. Rxf2 c4 22. bxc4 Rb8 23. c3 Rd8 24. Nc5 Re3 25. Kf1 Kf7 26. Re1 Rb8 27. Rxe3 Nxe3+ 28. Ke2 Ng4 29. Rg2 Nxh2 30. Nb3 a5 31. Rxh2 a4 32. Rxh7+ Kg8 33. Rxe7 axb3 34. axb3 Rxb3 35. Re6 Kf7 36. Rxc6 Rxc3 37. Rd6 Rc1 38. Ke3 Re1+ 39. Kd2 Rf1 40. Rd4 Ke6 41. Kc3 Rc1+ 42. Kb4 Rb1+ 43. Kc5 Rb8 44. Kc6 Rc8+ 45. Kb7 Rc5 46. Kb6 Rc8 47. c5 Rb8+ 48. Kc7 Rb3 49. c6 Rc3 50. Kb7 1-0

[Event "Quebec-ch qual1"]
[Site "Montreal"]
[Date "2005.05.01"]
[Round "4"]
[White "Xavier Bonifay, Jean Luc"]
[Black "Delisle, Louis Martin"]
[Result "0-1"]
[WhiteElo "1402"]
[BlackElo "1893"]
[PlyCount "87"]
[EventDate "2005.04.29"]
[EventType "swiss"]
[EventRounds "5"]
[EventCountry "CAN"]
[SourceTitle "CBM 106 Extra"]
[Source "ChessBase"]
[SourceDate "2005.07.01"]
[SourceVersion "1"]
[SourceVersionDate "2005.07.01"]
[SourceQuality "1"]

1. e4 Nc6 2. Nf3 e5 3. Bc4 Nf6 4. Ng5 d5 5. exd5 b5 6. Bxb5 Qxd5 7. Bxc6+ Qxc6 8. 0-0 Bb7 9. Qf3 e4 10. Qc3 h6 11. Qxc6+ Bxc6 12. Nh3 0-0-0 13. Nc3 Bd6 14. Kh1 g5 15. b3 Nh5 16. Bb2 Rhe8 17. Nd1 f5 18. Ne3 f4 19. Nc4 Bf8 20. a4 Bd5 21. Rad1 Be6 22. Ng1 Rd5 23. Ne2 Bg4 24. Rde1 f3 25. gxf3 Bxf3+ 26. Kg1 Nf4 27. Nxf4 gxf4 28. Bf6 Re6 29. Bh4 Rg6+ 30. Bg3 fxg3 31. fxg3 Bc5+ 32. Ne3 Rxd2 33. Rf2 Rgd6 34. b4 Bxb4 35. Nc4 Rxf2 36. Nxd6+ cxd6 37. Kxf2 Bxe1+ 38. Kxe1 Kc7 39. Kd2 Kc6 40. Ke3 Kc5 41. h3 d5 42. g4 d4+ 43. Kf4 Kc4 44. h4 0-1

[Event "Quebec Montcalm op 4 1998-99"]
[Site "Quebec"]
[Date "1999.01.28"]
[Round "3"]
[White "Auger, Bertrand"]
[Black "Delisle, Louis Martin"]
[Result "1-0"]
[WhiteElo "2094"]
[BlackElo "1572"]
[PlyCount "37"]
[EventDate "1999.01.14"]
[EventType "swiss"]
[EventRounds "5"]
[EventCountry "CAN"]
[SourceTitle "EXT 2022"]
[Source "ChessBase"]
[SourceDate "2021.10.06"]
[SourceVersion "1"]
[SourceVersionDate "2021.10.06"]
[SourceQuality "1"]

1. f4 g6 2. Nf3 Bg7 3. d4 d6 4. e4 Nf6 5. Bd3 0-0 6. Nbd2 c5 7. d5 b5 8. c4 b4 9. 0-0 a5 10. Rb1 a4 11. h3 Nh5 12. Nh2 e5 13. f5 Nf4 14. Ndf3 Nd7 15. Ne1 Nxd3 16. Qxd3 Qh4 17. g4 gxf5 18. exf5 e4 19. Qe3 1-0